000 00712nam a22001337a 4500
040 _cRUA
082 _aVEM SOR 2015 B525 Or.1
100 _aSORN SOTHEA; ស៊ន សុធា
245 _aEffect of antibiotics on diarrihea of suckling piglets at try bunthim farm in kampong chhnang province, ប្រសិទ្ធភាពអង់ទីប៊ីយ៉ូទិចទៅលើជំងឺរាកកូនជ្រុូកអំឡុងពេលបំបៅនៅក្នុងកសិដ្ឋាន លោក ទ្រី ប៊ុនធីម ខេត្តកំពង់ឆ្នាំង
260 _aRUA
_bSOR
_c2015
300 _ax,45p.
_bill.
_c29cm.
856 _uSORN SOTHEA
942 _cAED
999 _c10643
_d10643